Statistics for Island Countries that Start with a T, U or V

Click here to take the quiz!

General Stats

  • This quiz has been taken 37 times
  • The average score is 5 of 6

Answer Stats

Country % Correct
Tuvalu
97%
Vanuatu
97%
Tonga
94%
Trinidad and Tobago
91%
Taiwan
73%
United Kingdom
64%

Score Distribution

Percentile by Number Answered

Percent of People with Each Score

Your Score History

You have not taken this quiz